Statistics for Cities by Airport Name (2)

Click here to take the quiz!

General Stats

  • This quiz has been taken 15 times
  • The average score is 5 of 15

Answer Stats

Airport NameAnswer% Correct
Indira GandhiDelhi
79%
George Bush IntercontinentalHouston
71%
Incheon IntlSeoul
64%
Benito JuarezMexico City
57%
El DoradoBogotá
36%
LinateMilan
36%
King KhalidRiyadh
36%
O.R. TamboJohannesburg
29%
GuarulhosSao Paulo
29%
DaxingBeijing
21%
HamadDoha
21%
Tan Son NhatHo Chi Minh City
21%
JinnahKarachi
14%
SeletarSingapore
14%
PiarcoPort of Spain
7%

Score Distribution

Percentile by Number Answered

Percent of People with Each Score

Your Score History

You have not taken this quiz